[Event "GER T290-B15-S email"]
[Site "GER email"]
[Date "2019.02.01"]
[Round "?"]
[White "Benicke, Bernd"]
[Black "Feichtner, Erich"]
[Result "0-1"]
[WhiteElo "1739"]
[BlackElo "1986"]
[PlyCount "40"]
[EventDate "2019.02.09"]
[EventType "tourn (corr)"]
[EventRounds "8"]
[EventCountry "GER"]
[SourceTitle "Corr 2022"]
[Source "ChessBase"]
[SourceDate "2021.10.24"]
[SourceVersion "1"]
[SourceVersionDate "2021.10.24"]
[SourceQuality "1"]

1. e4 c6 2. d4 d5 3. Nc3 dxe4 4. f3 exf3 5. Nxf3 Nf6 6. Bd3 g6 7. Qe2 Bg7 8. Bg5 0-0 9. 0-0-0 Be6 10. Kb1 Nbd7 11. h4 Bg4 12. Rhe1 Re8 13. Bc4 b5 14. Bb3 e6 15. Ne4 a5 16. a3 Qb8 17. Nxf6+ Nxf6 18. Qf2 a4 19. Ba2 b4 20. Ka1 bxa3 0-1

[Event "GER T262-A40-S email"]
[Site "GER email"]
[Date "2018.03.15"]
[Round "?"]
[White "Feichtner, Erich"]
[Black "Rohde, Friedhelm"]
[Result "1/2-1/2"]
[WhiteElo "1986"]
[BlackElo "2031"]
[PlyCount "72"]
[EventDate "2018.03.26"]
[EventType "tourn (corr)"]
[EventRounds "8"]
[EventCountry "GER"]
[SourceTitle "Corr 2022"]
[Source "ChessBase"]
[SourceDate "2021.10.24"]
[SourceVersion "1"]
[SourceVersionDate "2021.10.24"]
[SourceQuality "1"]

1. d4 g6 2. c4 Bg7 3. Nc3 c5 4. d5 Bxc3+ 5. bxc3 f5 6. h4 Nf6 7. h5 Rg8 8. hxg6 hxg6 9. e4 d6 10. exf5 gxf5 11. Qc2 Nbd7 12. Rb1 Qc7 13. Ne2 Ne5 14. Ng3 Bd7 15. Nxf5 b6 16. a4 e6 17. Nh6 Rg7 18. f4 Nf7 19. dxe6 Bxe6 20. Nf5 Rg8 21. Ne3 Kf8 22. Be2 d5 23. 0-0 Re8 24. a5 dxc4 25. axb6 axb6 26. Bxc4 Nd6 27. Bxe6 Rxe6 28. Rf3 Qc6 29. Rh3 Re7 30. Ra1 Nf5 31. Qxf5 Rxe3 32. Ra8+ Re8 33. Rxe8+ Kxe8 34. Re3+ Kf7 35. Qc2 Re8 36. Qa2+ Kf8 1/2-1/2

[Event "GER T264-D32-S email"]
[Site "GER email"]
[Date "2017.11.11"]
[Round "?"]
[White "Schelberg, Martin"]
[Black "Feichtner, Erich"]
[Result "0-1"]
[WhiteElo "1570"]
[BlackElo "1986"]
[PlyCount "66"]
[EventDate "2017.11.21"]
[EventType "tourn (corr)"]
[EventRounds "8"]
[EventCountry "GER"]
[SourceTitle "Corr 2022"]
[Source "ChessBase"]
[SourceDate "2021.10.24"]
[SourceVersion "1"]
[SourceVersionDate "2021.10.24"]
[SourceQuality "1"]

1. d4 d5 2. c4 e6 3. Nc3 c5 4. cxd5 cxd4 5. Qa4+ Bd7 6. Qxd4 exd5 7. Qxd5 Nf6 8. Qxb7 Nc6 9. Bf4 Bb4 10. Nf3 0-0 11. Rc1 Rc8 12. a3 Bxc3+ 13. bxc3 Na5 14. Qxa7 Nd5 15. Be5 Bf5 16. Nd4 Re8 17. Nxf5 Nc6 18. Qb7 Nxe5 19. e3 Rxc3 20. Qb2 Qc7 21. Rxc3 Nxc3 22. f4 g6 23. fxe5 gxf5 24. Bd3 Qxe5 25. 0-0 Qxe3+ 26. Qf2 Qxd3 27. Qxf5 Qxf5 28. Rxf5 Ra8 29. h4 h6 30. Rf3 Rxa3 31. g3 Ne2+ 32. Kf2 Rxf3+ 33. Kxf3 Nc3 0-1

[Event "Unterfranken-ch HB 62th"]
[Site "Gerolzhofen"]
[Date "2011.04.29"]
[Round "8"]
[White "Ress, Lothar"]
[Black "Feichtner, Erich"]
[Result "0-1"]
[WhiteElo "1565"]
[BlackElo "1747"]
[PlyCount "50"]
[EventDate "2011.04.25"]
[EventType "swiss"]
[EventRounds "9"]
[EventCountry "GER"]
[SourceTitle "EXT 2015"]
[Source "ChessBase"]
[SourceDate "2014.11.20"]
[SourceVersion "1"]
[SourceVersionDate "2014.11.20"]
[SourceQuality "1"]

1. d4 Nf6 2. Nf3 e6 3. Nc3 d5 4. Bg5 Be7 5. e3 Nbd7 6. Bd3 c5 7. 0-0 0-0 8. Re1 h6 9. Bh4 a6 10. b3 cxd4 11. exd4 Bb4 12. Nxd5 exd5 13. Re2 Bc3 14. Rb1 Re8 15. b4 a5 16. b5 Rxe2 17. Bxe2 Qe8 18. Rb3 Ne4 19. Bd3 a4 20. Rb1 f5 21. Bg3 g5 22. Bc7 Qh5 23. Be2 g4 24. Ne5 Qg5 25. f3 Qe3+ 0-1

[Event "Unterfranken-ch HB 62th"]
[Site "Gerolzhofen"]
[Date "2011.04.26"]
[Round "3"]
[White "Feichtner, Erich"]
[Black "Mauder, Manfred"]
[Result "0-1"]
[WhiteElo "1747"]
[BlackElo "1706"]
[PlyCount "74"]
[EventDate "2011.04.25"]
[EventType "swiss"]
[EventRounds "9"]
[EventCountry "GER"]
[SourceTitle "EXT 2015"]
[Source "ChessBase"]
[SourceDate "2014.11.20"]
[SourceVersion "1"]
[SourceVersionDate "2014.11.20"]
[SourceQuality "1"]

1. d4 Nf6 2. c4 e6 3. Nc3 d5 4. Nf3 Nbd7 5. Bg5 c6 6. e3 Qa5 7. Bxf6 Nxf6 8. Nd2 Be7 9. c5 0-0 10. Bd3 Qc7 11. Nf3 Nd7 12. h4 e5 13. Bf5 exd4 14. exd4 Re8 15. Kf1 Nf6 16. Bxc8 Raxc8 17. Ne5 Bxc5 18. Nxf7 Qxf7 19. dxc5 Ne4 20. Qd4 Ng3+ 21. Kg1 Nxh1 22. Kxh1 Rf8 23. f3 Qf4 24. Qf2 Rce8 25. Rd1 Qe3 26. Kg1 Rf4 27. Qxe3 Rxe3 28. Kf2 Re6 29. Ne2 Rxh4 30. Nd4 Re8 31. Kg3 Rh6 32. Rd3 Rg6+ 33. Kf2 Rg5 34. f4 Rg6 35. Kf3 Rf6 36. b4 Re4 37. f5 Rxd4 0-1

[Event "GER T93-A80-E email"]
[Site "GER email"]
[Date "2011.01.31"]
[Round "?"]
[White "Zitzmann, Johann"]
[Black "Feichtner, Erich"]
[Result "1-0"]
[WhiteElo "2122"]
[BlackElo "1969"]
[PlyCount "65"]
[EventDate "2011.01.31"]
[EventType "tourn (corr)"]
[EventRounds "8"]
[EventCountry "GER"]
[SourceTitle "Corr 2015"]
[Source "ChessBase"]
[SourceDate "2015.07.17"]
[SourceVersion "1"]
[SourceVersionDate "2015.07.17"]
[SourceQuality "1"]
[WhiteTeam "Germany"]
[BlackTeam "Germany"]
[WhiteTeamCountry "GER"]
[BlackTeamCountry "GER"]

1. d4 f5 2. Bg5 Nf6 3. Bxf6 exf6 4. e3 d5 5. c4 Bb4+ 6. Nc3 Qd6 7. cxd5 0-0 8. Qb3 Nd7 9. Nge2 Nb6 10. a3 Bxc3+ 11. Nxc3 Kh8 12. g3 Bd7 13. Bg2 Rfd8 14. Rc1 a6 15. 0-0 Re8 16. Rfe1 Re7 17. a4 a5 18. Nb5 Bxb5 19. Qxb5 h5 20. Rc5 Ra7 21. Qe2 g6 22. Qc2 h4 23. gxh4 Rh7 24. Rc1 Na8 25. Qc3 Rxh4 26. Rxa5 Rxa5 27. Qxa5 Qxh2+ 28. Kf1 Rg4 29. Qxa8+ Kg7 30. Qxb7 Qxg2+ 31. Ke2 Kh6 32. Rxc7 Re4 33. d6 1-0

[Event "Unterfranken-ch M2 61th"]
[Site "Kitzingen"]
[Date "2010.04.08"]
[Round "5"]
[White "Heerlein, Gerd"]
[Black "Feichtner, Erich"]
[Result "1-0"]
[WhiteElo "1755"]
[BlackElo "1766"]
[PlyCount "79"]
[EventDate "2010.04.05"]
[EventType "swiss"]
[EventRounds "9"]
[EventCountry "GER"]
[SourceTitle "EXT 2015"]
[Source "ChessBase"]
[SourceDate "2014.11.20"]
[SourceVersion "1"]
[SourceVersionDate "2014.11.20"]
[SourceQuality "1"]

1. Nf3 Nf6 2. g3 g6 3. Bg2 Bg7 4. 0-0 d5 5. d3 0-0 6. Nbd2 Re8 7. e4 dxe4 8. dxe4 Nc6 9. c3 h6 10. Qe2 e5 11. a4 a5 12. Nc4 Nh7 13. Rd1 Qf6 14. Ne3 Ne7 15. Nc4 Bg4 16. h3 Bxf3 17. Qxf3 Qe6 18. Qe2 b6 19. Be3 Rad8 20. Na3 Nc8 21. Nb5 Qe7 22. Qc4 c5 23. Bf3 Ng5 24. Bxg5 Qxg5 25. Rxd8 Rxd8 26. h4 Qf6 27. Rd1 Rxd1+ 28. Bxd1 Qd8 29. Bb3 Qf6 30. Qd5 Ne7 31. Qd8+ Kh7 32. Nd6 Ng8 33. Qxf6 Nxf6 34. Bxf7 Bf8 35. Nc8 Nxe4 36. Nxb6 Kg7 37. Bd5 Nd6 38. Nd7 e4 39. Nxc5 e3 40. fxe3 1-0

[Event "Unterfranken-ch M2 61th"]
[Site "Kitzingen"]
[Date "2010.04.05"]
[Round "1"]
[White "Hauck, Juergen"]
[Black "Feichtner, Erich"]
[Result "1/2-1/2"]
[WhiteElo "1547"]
[BlackElo "1766"]
[PlyCount "41"]
[EventDate "2010.04.05"]
[EventType "swiss"]
[EventRounds "9"]
[EventCountry "GER"]
[SourceTitle "EXT 2015"]
[Source "ChessBase"]
[SourceDate "2014.11.20"]
[SourceVersion "1"]
[SourceVersionDate "2014.11.20"]
[SourceQuality "1"]

1. e4 e5 2. Nf3 Nc6 3. Bb5 a6 4. Ba4 f5 5. d3 Nf6 6. 0-0 d6 7. Nc3 b5 8. Bb3 Na5 9. exf5 Nxb3 10. axb3 Bxf5 11. Nh4 Be6 12. f4 b4 13. Na4 Be7 14. Nf3 0-0 15. fxe5 dxe5 16. Bg5 Qd5 17. Qd2 Bd6 18. Rae1 Bg4 19. Bxf6 Rxf6 20. Rd1 Bxf3 21. Rxf3 1/2-1/2

[Event "Unterfranken-ch M2 60th"]
[Site "Obernau"]
[Date "2009.04.17"]
[Round "8"]
[White "Feichtner, Erich"]
[Black "Susallek, Markus"]
[Result "1-0"]
[WhiteElo "1806"]
[BlackElo "1871"]
[PlyCount "133"]
[EventDate "2009.04.13"]
[EventType "swiss"]
[EventRounds "9"]
[EventCountry "GER"]
[SourceTitle "EXT 2015"]
[Source "ChessBase"]
[SourceDate "2014.11.20"]
[SourceVersion "1"]
[SourceVersionDate "2014.11.20"]
[SourceQuality "1"]

1. d4 Nf6 2. c4 g6 3. Nc3 d5 4. e3 Bg7 5. Nf3 0-0 6. Qb3 dxc4 7. Bxc4 Nc6 8. Be2 Re8 9. 0-0 e5 10. Rd1 exd4 11. exd4 Ne4 12. Be3 Rb8 13. Nxe4 Rxe4 14. Ng5 Re7 15. Rac1 Bf5 16. Bc4 Qe8 17. Bb5 Bd7 18. Qc3 a6 19. Ba4 Rc8 20. Bb3 Nd8 21. Re1 c5 22. Qa5 cxd4 23. Rxc8 Bxc8 24. Bd2 h6 25. Nf3 Nc6 26. Qc5 Bg4 27. Rxe7 Qxe7 28. Qxe7 Nxe7 29. Ne1 Nc6 30. f3 Bf5 31. g4 Bb1 32. Bc4 Ne5 33. Bb3 g5 34. h3 Ng6 35. Kf2 Ne5 36. a3 Bg6 37. Bd5 b6 38. f4 gxf4 39. Bxf4 Nd3+ 40. Nxd3 Bxd3 41. Bc7 b5 42. Bb7 Bc2 43. Bxa6 d3 44. Bxb5 d2 45. Be2 d1Q 46. Bxd1 Bxd1 47. b4 Ba4 48. Bf4 Bb2 49. Bxh6 Bxa3 50. Bd2 Kg7 51. h4 Bb2 52. Kf3 Be5 53. Ke4 Bg3 54. h5 Bc6+ 55. Kd4 Bf3 56. h6+ Kg6 57. g5 Be2 58. Kd5 Bd3 59. Kd4 Be2 60. Ke4 Bc7 61. Ke3 Bg4 62. Kd4 Bb6+ 63. Ke5 Bd8 64. Kd6 Bf5 65. b5 Bxg5 66. Bxg5 Kxg5 67. b6 1-0

[Event "Unterfranken-ch M2 60th"]
[Site "Obernau"]
[Date "2009.04.16"]
[Round "6"]
[White "Feichtner, Erich"]
[Black "Pfister, Gerhard"]
[Result "1-0"]
[WhiteElo "1806"]
[BlackElo "1536"]
[PlyCount "59"]
[EventDate "2009.04.13"]
[EventType "swiss"]
[EventRounds "9"]
[EventCountry "GER"]
[SourceTitle "EXT 2015"]
[Source "ChessBase"]
[SourceDate "2014.11.20"]
[SourceVersion "1"]
[SourceVersionDate "2014.11.20"]
[SourceQuality "1"]

1. d4 Nf6 2. c4 e6 3. Nc3 Bb4 4. Qc2 c5 5. e3 d5 6. a3 Qa5 7. Bd2 Ne4 8. Nxe4 dxe4 9. Bxb4 cxb4 10. Qd2 Nc6 11. d5 bxa3 12. Qxa5 Nxa5 13. b4 exd5 14. cxd5 0-0 15. bxa5 Rd8 16. Bc4 Rd6 17. Rxa3 Bd7 18. Ne2 Rc8 19. Rc3 a6 20. 0-0 Bg4 21. Rfc1 h6 22. Ng3 Re8 23. f3 exf3 24. h3 Bd7 25. gxf3 Bxh3 26. e4 Rg6 27. Kf2 h5 28. Nxh5 Rg2+ 29. Ke3 Ra2 30. Bxa2 1-0

[Event "GER theme 03-A70 P email"]
[Site "GER email"]
[Date "2008.??.??"]
[Round "?"]
[White "Feichtner, Erich"]
[Black "Schwertel, Gottfried"]
[Result "1/2-1/2"]
[WhiteElo "1855"]
[BlackElo "2098"]
[PlyCount "78"]
[EventDate "2008.??.??"]
[EventType "tourn (corr)"]
[EventRounds "8"]
[EventCountry "GER"]
[SourceTitle "Corr 2011"]
[Source "ChessBase"]
[SourceDate "2010.08.31"]
[SourceVersion "1"]
[SourceVersionDate "2010.08.31"]
[SourceQuality "1"]

1. d4 Nf6 2. c4 e6 3. Nf3 c5 4. d5 d6 5. Nc3 exd5 6. cxd5 g6 7. e4 Bg7 8. Bd3 0-0 9. h3 b5 10. Bxb5 Nxe4 11. Nxe4 Qa5+ 12. Nfd2 Qxb5 13. Nxd6 Qa6 14. N2c4 Nd7 15. 0-0 Ne5 16. Nxc8 Raxc8 17. Nxe5 Bxe5 18. Re1 Qd6 19. Re2 Rfd8 20. Be3 Qxd5 21. Qa4 Qd7 22. Qa5 Qc7 23. Qa3 Qc6 24. Bh6 f6 25. Qxa7 Rd7 26. Qa5 c4 27. Rc1 Kf7 28. Qe1 Rcd8 29. Rec2 Qa8 30. f4 Bd4+ 31. Kh2 Qxa2 32. b4 Qa7 33. Rxc4 Be3 34. Ra1 Bf2 35. Rxa7 Bxe1 36. Rcc7 Rxc7 37. Rxc7+ Ke6 38. b5 Rb8 39. g3 Rxb5 1/2-1/2

[Event "Unterfranken-ch HA 58th"]
[Site "Wuerzburg"]
[Date "2007.04.13"]
[Round "7"]
[White "Feichtner, Erich"]
[Black "Helgert, Johannes"]
[Result "1-0"]
[WhiteElo "1815"]
[BlackElo "1649"]
[PlyCount "61"]
[EventDate "2007.04.09"]
[EventType "swiss"]
[EventRounds "9"]
[EventCountry "GER"]
[SourceTitle "EXT 2015"]
[Source "ChessBase"]
[SourceDate "2014.11.20"]
[SourceVersion "1"]
[SourceVersionDate "2014.11.20"]
[SourceQuality "1"]

1. d4 e6 2. c4 Nf6 3. Nc3 Bb4 4. Qc2 Nc6 5. Nf3 d6 6. Bd2 0-0 7. e3 Re8 8. Bd3 h6 9. 0-0 Bd7 10. a3 Bxc3 11. Bxc3 e5 12. d5 Ne7 13. e4 Ng6 14. Bd2 Qc8 15. b4 h5 16. Ng5 h4 17. f4 Nh5 18. f5 Ngf4 19. Bxf4 Nxf4 20. Qd1 Qd8 21. Rxf4 exf4 22. Qh5 Qf6 23. Rf1 g6 24. Qh7+ Kf8 25. Qxh4 Ke7 26. fxg6 fxg6 27. Rxf4 Qd4+ 28. Kh1 Rh8 29. Nh7+ Ke8 30. Nf6+ Ke7 31. Ng8+ 1-0

[Event "Unterfranken-ch HA 58th"]
[Site "Wuerzburg"]
[Date "2007.04.12"]
[Round "5"]
[White "Feichtner, Erich"]
[Black "Von der Linden, Armin"]
[Result "1-0"]
[WhiteElo "1815"]
[BlackElo "1777"]
[PlyCount "67"]
[EventDate "2007.04.09"]
[EventType "swiss"]
[EventRounds "9"]
[EventCountry "GER"]
[SourceTitle "EXT 2015"]
[Source "ChessBase"]
[SourceDate "2014.11.20"]
[SourceVersion "1"]
[SourceVersionDate "2014.11.20"]
[SourceQuality "1"]

1. d4 d5 2. c4 c6 3. Nf3 Nf6 4. e3 a6 5. Nc3 b5 6. cxb5 cxb5 7. Bd2 Nbd7 8. Bd3 e6 9. 0-0 Bd6 10. Rc1 0-0 11. a3 Bb7 12. Qc2 Rc8 13. Qb1 Qe7 14. g3 Rfd8 15. Ne2 e5 16. dxe5 Nxe5 17. Nfd4 Nc4 18. Bc3 Ne4 19. Bxe4 dxe4 20. Nf5 Qg5 21. Nxd6 Rxd6 22. Bb4 Rh6 23. Nf4 Qg4 24. Rfd1 g5 25. h3 Qf5 26. g4 Qf6 27. Bc3 Qb6 28. Bd4 Qc6 29. Nh5 Qe6 30. b3 Ne5 31. Bxe5 Rxc1 32. Qxc1 f6 33. Rd8+ Kf7 34. Qc7+ 1-0

[Event "Unterfranken-ch HA 58th"]
[Site "Wuerzburg"]
[Date "2007.04.11"]
[Round "4"]
[White "Ziegler, Johannes"]
[Black "Feichtner, Erich"]
[Result "1/2-1/2"]
[WhiteElo "1650"]
[BlackElo "1815"]
[PlyCount "39"]
[EventDate "2007.04.09"]
[EventType "swiss"]
[EventRounds "9"]
[EventCountry "GER"]
[SourceTitle "EXT 2015"]
[Source "ChessBase"]
[SourceDate "2014.11.20"]
[SourceVersion "1"]
[SourceVersionDate "2014.11.20"]
[SourceQuality "1"]

1. c4 e5 2. Nc3 f5 3. g3 Nf6 4. Bg2 c6 5. d3 Bc5 6. Na4 Be7 7. e4 d6 8. Ne2 0-0 9. 0-0 Qe8 10. h3 fxe4 11. dxe4 Qh5 12. h4 Be6 13. b3 Nbd7 14. f3 Rad8 15. Qe1 d5 16. exd5 cxd5 17. Nf4 Qf7 18. Nxe6 Qxe6 19. cxd5 Nxd5 20. Bb2 1/2-1/2

[Event "Unterfranken-ch HA 58th"]
[Site "Wuerzburg"]
[Date "2007.04.10"]
[Round "3"]
[White "Feichtner, Erich"]
[Black "Lamprecht, Kilian"]
[Result "1-0"]
[WhiteElo "1815"]
[BlackElo "1624"]
[PlyCount "39"]
[EventDate "2007.04.09"]
[EventType "swiss"]
[EventRounds "9"]
[EventCountry "GER"]
[SourceTitle "EXT 2015"]
[Source "ChessBase"]
[SourceDate "2014.11.20"]
[SourceVersion "1"]
[SourceVersionDate "2014.11.20"]
[SourceQuality "1"]

1. d4 Nf6 2. c4 g6 3. Nc3 Bg7 4. e4 d6 5. Be2 0-0 6. Bg5 c5 7. d5 Ne8 8. Qd2 f5 9. f3 Qc7 10. Rd1 fxe4 11. fxe4 Nd7 12. Nf3 Ne5 13. 0-0 Nxf3+ 14. Bxf3 a6 15. Bh6 Rb8 16. Be2 Bd4+ 17. Qxd4 Rxf1+ 18. Rxf1 Nf6 19. Rxf6 exf6 20. Qxf6 1-0

[Event "Regionalliga NW 0607"]
[Site "Bayern"]
[Date "2007.02.04"]
[Round "5.8"]
[White "Sittinger, Lutz"]
[Black "Feichtner, Erich"]
[Result "1-0"]
[WhiteElo "1832"]
[BlackElo "1816"]
[PlyCount "70"]
[EventDate "2006.10.15"]
[EventType "team-tourn"]
[EventRounds "9"]
[EventCountry "GER"]
[SourceTitle "EXT 2008"]
[Source "ChessBase"]
[SourceDate "2007.11.25"]
[SourceVersion "1"]
[SourceVersionDate "2007.11.25"]
[SourceQuality "1"]
[WhiteTeam "Schweinheim"]
[BlackTeam "Schweinfurt"]
[WhiteTeamCountry "GER"]
[BlackTeamCountry "GER"]

1. d4 Nf6 2. c4 e6 3. Nc3 c5 4. d5 d6 5. e4 a6 6. Nf3 exd5 7. exd5 g6 8. Bg5 Bg7 9. Qe2+ Qe7 10. Qxe7+ Kxe7 11. 0-0-0 h6 12. Re1+ Kd7 13. Bd2 Re8 14. Bd3 a5 15. Nb5 Na6 16. a3 Nc7 17. Nc3 b5 18. Rxe8 Kxe8 19. Re1+ Kf8 20. Bf4 Nfe8 21. cxb5 Bxc3 22. bxc3 g5 23. Bg3 f5 24. h4 g4 25. Nd2 Nxd5 26. c4 Ndf6 27. Bf4 h5 28. Nf1 d5 29. Bh6+ Kf7 30. cxd5 Nxd5 31. Bc4 Be6 32. Re5 Nef6 33. Ne3 Rd8 34. Bg5 f4 35. Nxd5 Bxd5 1-0

[Event "Unterfranken-ch M2 57th"]
[Site "Prichsenstadt"]
[Date "2006.04.22"]
[Round "9"]
[White "Klueber, Werner"]
[Black "Feichtner, Erich"]
[Result "1/2-1/2"]
[WhiteElo "1702"]
[BlackElo "1786"]
[PlyCount "32"]
[EventDate "2006.04.17"]
[EventType "swiss"]
[EventRounds "9"]
[EventCountry "GER"]
[SourceTitle "EXT 2015"]
[Source "ChessBase"]
[SourceDate "2014.11.20"]
[SourceVersion "1"]
[SourceVersionDate "2014.11.20"]
[SourceQuality "1"]

1. d4 Nf6 2. c4 e6 3. Nc3 c5 4. d5 d6 5. e4 Be7 6. Nf3 0-0 7. Be2 a6 8. a4 h6 9. 0-0 e5 10. Ne1 Nh7 11. f4 exf4 12. Bxf4 Bg5 13. Bg3 f5 14. exf5 Bxf5 15. Bd3 Be3+ 16. Bf2 Qg5 1/2-1/2

[Event "Unterfranken-ch M2 57th"]
[Site "Prichsenstadt"]
[Date "2006.04.21"]
[Round "8"]
[White "Feichtner, Erich"]
[Black "Liebler, Juergen"]
[Result "0-1"]
[WhiteElo "1786"]
[BlackElo "1690"]
[PlyCount "76"]
[EventDate "2006.04.17"]
[EventType "swiss"]
[EventRounds "9"]
[EventCountry "GER"]
[SourceTitle "EXT 2015"]
[Source "ChessBase"]
[SourceDate "2014.11.20"]
[SourceVersion "1"]
[SourceVersionDate "2014.11.20"]
[SourceQuality "1"]

1. d4 d5 2. e4 dxe4 3. Nc3 Nf6 4. f3 exf3 5. Nxf3 e6 6. Bd3 Nc6 7. Bg5 Be7 8. Ne2 Nd5 9. Bd2 Bh4+ 10. g3 Bf6 11. c3 Bd7 12. Qc2 h6 13. 0-0 Qe7 14. b4 a6 15. a4 0-0 16. Rae1 Qe8 17. Bc4 Nce7 18. Ba2 Bxa4 19. Qd3 Qd8 20. c4 Nb6 21. Nf4 Nf5 22. Bc3 g6 23. Bb1 Bb3 24. Nd2 Bxd4+ 25. Kh1 Ba4 26. Nd5 Bxc3 27. g4 Nxd5 28. gxf5 Bc6 29. Re4 Ne7 30. Qxc3 exf5 31. Kg1 fxe4 32. Bxe4 Kh7 33. Rf6 Ng8 34. Rf2 Bxe4 35. Nxe4 Qd1+ 36. Rf1 Qg4+ 37. Ng3 Rad8 38. b5 Qd4+ 0-1

[Event "Unterfranken-ch M2 57th"]
[Site "Prichsenstadt"]
[Date "2006.04.20"]
[Round "5"]
[White "Feichtner, Erich"]
[Black "Ersoez, Can Hakki"]
[Result "1/2-1/2"]
[WhiteElo "1786"]
[BlackElo "1846"]
[PlyCount "92"]
[EventDate "2006.04.17"]
[EventType "swiss"]
[EventRounds "9"]
[EventCountry "GER"]
[SourceTitle "EXT 2015"]
[Source "ChessBase"]
[SourceDate "2014.11.20"]
[SourceVersion "1"]
[SourceVersionDate "2014.11.20"]
[SourceQuality "1"]

1. d4 Nf6 2. c4 g6 3. Nc3 Bg7 4. e4 d6 5. Nf3 0-0 6. Be2 e5 7. d5 a5 8. Rb1 Na6 9. 0-0 Nc5 10. Nd2 c6 11. a3 a4 12. f3 Bh6 13. Nb3 Bxc1 14. Nxc1 Nh5 15. Nd3 Nxd3 16. Bxd3 Nf4 17. Ne2 Nxe2+ 18. Qxe2 c5 19. f4 exf4 20. Rxf4 Qg5 21. Rbf1 Qe5 22. Qf2 Qd4 23. Qxd4 cxd4 24. Rf6 Re8 25. Rxf7 Bf5 26. Rxb7 Bxe4 27. Bxe4 Rxe4 28. Rd1 Rf8 29. h3 h5 30. Rd2 h4 31. Rd1 d3 32. Rb4 d2 33. Rxd2 Re1+ 34. Kh2 Rff1 35. g4 Rh1+ 36. Kg2 Reg1+ 37. Kf2 Rg3 38. Re2 Rh2+ 39. Kf1 Rh1+ 40. Kf2 Rh2+ 41. Kf1 Rhxh3 42. Rg2 Rh1+ 43. Kf2 Rd3 44. Ke2 Rhd1 45. Rb8+ Kg7 46. Rb7+ Kg8 1/2-1/2

[Event "Unterfranken-ch M2 57th"]
[Site "Prichsenstadt"]
[Date "2006.04.19"]
[Round "4"]
[White "Krenz, Dieter"]
[Black "Feichtner, Erich"]
[Result "1-0"]
[WhiteElo "1886"]
[BlackElo "1786"]
[PlyCount "69"]
[EventDate "2006.04.17"]
[EventType "swiss"]
[EventRounds "9"]
[EventCountry "GER"]
[SourceTitle "EXT 2015"]
[Source "ChessBase"]
[SourceDate "2014.11.20"]
[SourceVersion "1"]
[SourceVersionDate "2014.11.20"]
[SourceQuality "1"]

1. e4 e5 2. d4 exd4 3. c3 d5 4. exd5 Qxd5 5. cxd4 Nc6 6. Nf3 Bg4 7. Be2 0-0-0 8. Nc3 Bb4 9. 0-0 Qh5 10. h3 Nf6 11. hxg4 Nxg4 12. Bf4 Bd6 13. Ne5 f5 14. Bxg4 fxg4 15. Re1 Rhf8 16. Bg3 Nxe5 17. Bxe5 Qf5 18. Qe2 Rde8 19. Nd1 h5 20. Ne3 Qf7 21. Bxd6 cxd6 22. Qc4+ Kd7 23. Qxf7+ Rxf7 24. Rac1 Rf4 25. d5 Re5 26. g3 Rf3 27. Rc2 Ke7 28. Rec1 Kf6 29. Kg2 Kg5 30. Rc7 g6 31. R1c4 Rfxe3 32. fxe3 Rxe3 33. Rc2 Rd3 34. Rxb7 Rxd5 35. Rxa7 1-0